Central Library OPAC University of Rajshahi

Shakespeare : (Record no. 80673)

MARC details
000 -LEADER
fixed length control field 00967nam a2200265 a 4500
001 - CONTROL NUMBER
control field 80673
003 - CONTROL NUMBER IDENTIFIER
rucl marc code BD-RjUL
005 - DATE AND TIME OF LATEST TRANSACTION
control field 20221101101814.0
008 - FIXED-LENGTH DATA ELEMENTS--GENERAL INFORMATION
fixed length control field 221101s1966 enkh 000 0ceng
035 ## - SYSTEM CONTROL NUMBER
System control number (BD-RjUL)80673
040 ## - CATALOGING SOURCE
Original cataloging agency DLC
Transcribing agency DLC
Modifying agency DLC
-- BD-RjUL
Language of cataloging eng
041 ## - LANGUAGE CODE
Language code of text/sound track or separate title eng
082 00 - DEWEY DECIMAL CLASSIFICATION NUMBER
Edition number 23
Classification number 822.33
Author mark and year SMS 1966
100 10 - MAIN ENTRY--PERSONAL NAME
Personal name Smart, John Semple,
Dates associated with a name 1868-1925.
9 (RLIN) 5614
245 10 - TITLE STATEMENT
Title Shakespeare :
Remainder of title truth and tradition /
Statement of responsibility, etc. by J. S. Smart, with a memoir by W. Macneile Dixon, and a preface by P. Alexander.
260 0# - PUBLICATION, DISTRIBUTION, ETC. (IMPRINT)
Place of publication, distribution, etc. Oxford :
Name of publisher, distributor, etc. Clarendon Press,
Date of publication, distribution, etc. 1966.
300 ## - PHYSICAL DESCRIPTION
Pagination xxiii, 193 p. :
Illustrations facsim. ;
Size 19 cm.
600 10 - SUBJECT ADDED ENTRY--PERSONAL NAME
Personal name Shakespeare, William,
Dates associated with a name 1564-1616
General subdivision Authorship
-- Baconian theory.
Personal name Shakespeare, William,
Dates associated with a name 1564-1616
650 #0 - SUBJECT ADDED ENTRY--TOPICAL TERM
Topical term or geographic name as entry element Dramatists, English
Chronological subdivision Early modern, 1500-1700
Form subdivision Biography.
9 (RLIN) 5616
700 11 - ADDED ENTRY--PERSONAL NAME
Personal name Dixon, W. Macneile
Fuller form of name (William Macneile),
Dates associated with a name 1866-1945.
942 ## - ADDED ENTRY ELEMENTS (KOHA)
Source of classification or shelving scheme Dewey Decimal Classification
Koha item type Books
Holdings
Lost status Source of classification or shelving scheme Damaged status Not for loan Collection code Permanent Location Current Location Shelving location Date acquired Source of acquisition Cost, normal purchase price Total Checkouts Full call number Date last seen Copy number Koha item type
  Dewey Decimal Classification     Non-fiction Central Library, University of Rajshahi Central Library, University of Rajshahi Reading Room 23/01/1969 Mohiuddin & Sons 16.20   822.33 SMS 1966 01/11/2022 C-1 Books